书目信息 |
| 题名: |
气候变化对水文过程的影响评估及其不确定性
|
|
| 作者: | 许月萍 著 | |
| 分册: | ||
| 出版信息: | 北京 科学出版社 2015 |
|
| 页数: | 161页 | |
| 开本: | 24cm | |
| 丛书名: | ||
| 单 册: | ||
| 中图分类: | P333 | |
| 科图分类: | ||
| 主题词: | 气候变化--Qi Hou Bian Hua--影响--陆面过程--研究 , 影响--Ying Xiang , 陆面过程--Lu Mian Guo Cheng , 研究--Yan Jiu | |
| 电子资源: | ||
| ISBN: | 978-7-03-043093-9 | |
| 000 | 01150nam0 22002651 450 | |
| 001 | 0101082538 | |
| 005 | 20161201144533.93 | |
| 010 | @a978-7-03-043093-9@dCNY80.00 | |
| 100 | @a20150601d2015 emky0chiy50 ea | |
| 101 | 0 | @achi |
| 102 | @aCN@b110000 | |
| 105 | @aak z 000yy | |
| 106 | @ar | |
| 200 | 1 | @a气候变化对水文过程的影响评估及其不确定性@AQi Hou Bian Hua Dui Shui Wen Guo Cheng De Ying Xiang Ping Gu Ji Qi Bu Que Ding Xing@f许月萍[等]著 |
| 210 | @a北京@c科学出版社@d2015 | |
| 215 | @a161页@c图@d24cm | |
| 330 | @a本书以中国东部钱塘江流域为研究区域, 全面系统地介绍了气候变化对水文过程的影响评估及不确定性分析方法, 运用统计学、水文学、气象学等多学科知识, 揭示了钱塘江流域过去几十年的气候变化和水资源变化规律, 并结合未来气候变化情景, 分析评估了气候变化对钱塘江流域水文过程的影响, 深入探讨了气候变化下极端水文事件发生的概率和强度变化趋势。 | |
| 606 | 0 | @a气候变化@AQi Hou Bian Hua@x影响@x陆面过程@x研究 |
| 606 | 0 | @a影响@AYing Xiang |
| 606 | 0 | @a陆面过程@ALu Mian Guo Cheng |
| 606 | 0 | @a研究@AYan Jiu |
| 690 | @aP333@v5 | |
| 701 | 0 | @a许月萍@AXu Yue Ping@4著 |
| 801 | 0 | @aCN@bTANGWEI@c20161128 |
| 905 | @b0952372-5@dP333@e117@f4 | |
| 气候变化对水文过程的影响评估及其不确定性/许月萍[等]著.-北京:科学出版社,2015 |
| 161页:图;24cm |
| ISBN 978-7-03-043093-9:CNY80.00 |
| 本书以中国东部钱塘江流域为研究区域, 全面系统地介绍了气候变化对水文过程的影响评估及不确定性分析方法, 运用统计学、水文学、气象学等多学科知识, 揭示了钱塘江流域过去几十年的气候变化和水资源变化规律, 并结合未来气候变化情景, 分析评估了气候变化对钱塘江流域水文过程的影响, 深入探讨了气候变化下极端水文事件发生的概率和强度变化趋势。 |
| ● |
| 相关链接 |
|
|
|
|
正题名:气候变化对水文过程的影响评估及其不确定性
索取号:P333/117
 
预约/预借
| 序号 | 登录号 | 条形码 | 馆藏地/架位号 | 状态 | 备注 |
| 1 | 0952372 | 209523728 | 第二样本阅览室/ [索取号:P333/117] | 在馆 | |
| 2 | 0952373 | 209523737 | 第三借阅区/ [索取号:P333/117] | 在馆 | |
| 3 | 0952374 | 209523746 | 第三借阅区/ [索取号:P333/117] | 在馆 | |
| 4 | 0952375 | 209523755 | 第三借阅区/ [索取号:P333/117] | 在馆 |